[Event "Wch U16 Girls"]
[Site "Caldas Novas"]
[Date "2011.11.23"]
[Round "6"]
[White "Leonardi, Caterina"]
[Black "Llamuca Calles, Angely Paola"]
[Result "1-0"]
[WhiteElo "1795"]
[BlackElo "1594"]
[PlyCount "47"]
[EventDate "2011.11.18"]
[EventType "swiss"]
[EventRounds "9"]
[EventCountry "BRA"]
[SourceTitle "EXT 2013"]
[Source "ChessBase"]
[SourceDate "2012.11.22"]
[SourceVersion "1"]
[SourceVersionDate "2012.11.22"]
[SourceQuality "1"]

1. d4 d5 2. c4 c6 3. Nf3 Nf6 4. Qc2 a6 5. cxd5 cxd5 6. Nc3 Nc6 7. a3 Bg4 8. Ne5 Bh5 9. Nxc6 bxc6 10. Na4 Qc7 11. Bf4 Bg6 12. Qc3 Qb7 13. Rc1 Rc8 14. Nc5 Qa8 15. e3 Ne4 16. Nxe4 Bxe4 17. f3 Bf5 18. Qa5 Qb7 19. Bxa6 Qxb2 20. 0-0 Ra8 21. Rxc6 e6 22. Rb6 Qa2 23. Qb5+ Ke7 24. Bg5+ 1-0

[Event "Wch U16 Girls"]
[Site "Caldas Novas"]
[Date "2011.11.19"]
[Round "2"]
[White "Mercado, Luisa Fernanda"]
[Black "Llamuca Calles, Angely Paola"]
[Result "1-0"]
[WhiteElo "2101"]
[BlackElo "1594"]
[PlyCount "89"]
[EventDate "2011.11.18"]
[EventType "swiss"]
[EventRounds "9"]
[EventCountry "BRA"]
[SourceTitle "EXT 2013"]
[Source "ChessBase"]
[SourceDate "2012.11.22"]
[SourceVersion "1"]
[SourceVersionDate "2012.11.22"]
[SourceQuality "1"]

1. e4 d5 2. exd5 Qxd5 3. Nc3 Qd6 4. Bc4 c6 5. a4 Nf6 6. d3 h6 7. Nge2 Bg4 8. f3 Bh5 9. Nf4 e6 10. g4 Bg6 11. Nxg6 fxg6 12. Qe2 Nd5 13. Qe4 g5 14. Qg6+ Kd8 15. Bd2 Nd7 16. 0-0-0 N7f6 17. Rhe1 Qd7 18. Ne4 Ne7 19. Nxf6 Nxg6 20. Nxd7 Kxd7 21. Bxe6+ Kc7 22. Bc3 Bd6 23. Bxg7 Bf4+ 24. Kb1 Rh7 25. Bc3 Bxh2 26. Bf5 Rg8 27. Re6 Rf7 28. Rxg6 Rxg6 29. Bxg6 Rxf3 30. Re1 Bd6 31. Be5 a6 32. Bxd6+ Kxd6 33. Ka2 Rf6 34. Bf5 h5 35. Bc8 Kc7 36. Bf5 hxg4 37. Bxg4 Rf4 38. Re4 Rxe4 39. dxe4 Kd6 40. a5 c5 41. Kb3 Ke5 42. Bf5 Kd4 43. c3+ Ke5 44. Kc4 Kd6 45. b3 1-0